Italia (Registro nro. 7486)
[ vista simple ]
| 000 -CABECERA | |
|---|---|
| campo de control de longitud fija | 00430aam a2200181 4500 |
| 005 - FECHA Y HORA DE ACTUALIZACIÓN | |
| campo de control | 20220120153137.0 |
| 008 - LONGITUD FIJA | |
| campo de control de longitud fija | 150810b xxu||||| |||| 00| 0 spa d |
| 041 ## - IDIOMA | |
| Código de idioma del texto/pista de sonido o título separado | |
| 082 ## - CLASIFICACIÓN DECIMAL DEWEY | |
| Número de clasificación | 914.504 I88i6 |
| 245 ## - TÍTULO PROPIAMENTE DICHO | |
| Título | Italia |
| 250 ## - EDICIÓN | |
| Mención de edición | 6 edición |
| 260 ## - PIE DE IMPRENTA | |
| Nombre del editor, distribuidor, etc. | Lonely Planet |
| Lugar de publicación, distribución, etc. | Australia |
| Fecha de publicación, distribución, etc. | 2012 |
| 300 ## - DESCRIPCIÓN FÍSICA | |
| Extensión | 908 páginas |
| 650 ## - Materia General | |
| Materia general | ITALIANO |
| 650 ## - Materia General | |
| Materia general | ITALIA |
| 650 ## - Materia General | |
| Materia general | GUÍAS TURÍSTICAS |
| 942 ## - Punto de Acceso Adicional Koha | |
| Tipo de ítem Koha | Libro |
| Estado perdido | Estado dañado | No para préstamo | Biblioteca permanente | Biblioteca actual | Signatura completa | Código de barras | Precio efectivo a partir del | Tipo de ítem |
|---|---|---|---|---|---|---|---|---|
| Departamento de Biblioteca y Documentación Alfonso Chase Brenes | Departamento de Biblioteca y Documentación Alfonso Chase Brenes | 914.504 I88i6 | 20092 | 22/01/2016 | Libro |